00846nam a2200205 a 450000100100000000500170001000800410002704000250006808200180009310000410011124500420015226000410019430000210023559000750025665000310033165000350036291000370039795201890043499900170062300003491720200930074002.0111021s1953 xxu 000 f eng d aDO-SdBNPbspacBNPHU a813.52bC455L1 aChandler, Raymond,d1888-195991155110aThe long goodbye /cRaymond Chandler. aNew York :bBallantine Books,c1953. a312 p. ;c18 cm. aPerteneció a la biblioteca personal de Juan Isidro Jimenes Grullón 4aNovela estadounidense9262 4aLiteratura estadounidense9263 aValidado. Control de calidad MFF 001050718RVaGRbGRcHDd2011-10-21iLF1l0o813.52 C455Lp34917-10r2020-06-25w2020-06-25y1zPerteneció a la biblioteca personal de Juan Isidro Jimenes- GrullónZNo se presta c34408d34408